00442nam a2200145Ia 4500008004100000040001800041041000800059100002800067245004900095260003700144300001800181490005100199650002500250650002100275130821s1978 sp gr spa  aCo-BoUCMbspa aspa aJoyce, Jamesd1882-1941 aRetrato del artista adolescentecJames Joyce aMadrid (España)bAlianzac1978 a288 páginas aEl libro de bolsillo, sección literaria; 69804aLiteratura irlandesa04aNovela irlandesa